000
00191 a2200097 4500
001
748
100
_a
Black,H.S
245
_a
Modulation theory
260
_a
_b
Nostrand
_c
090
_c
343
_d
343
942
_a
NUST-CAE
_c
M
_c
27002
999
_c
235821
_d
235821